Normal view
MARC view
- Khurmi
Entry Personal Name
001 - CONTROL NUMBER
- control field: 82949
003 - CONTROL NUMBER IDENTIFIER
- control field: NUST
005 - DATE AND TIME OF LATEST TRANSACTION
- control field: 20211006102624.0
008 - FIXED-LENGTH DATA ELEMENTS
- fixed length control field: 211006|| aca||aabn | a|a d
040 ## - CATALOGING SOURCE
- Original cataloging agency: NUST
- Transcribing agency: NUST
100 ## - HEADING--PERSONAL NAME
- Personal name: Khurmi
670 ## - SOURCE DATA FOUND
- Source citation: Work cat.: (NUST)32018: Khurmi, Strength of Materials (Mechanics of Solids) , 2009.
